| 000 | 00472nam a22001817a 4500 | ||
|---|---|---|---|
| 003 | CEME | ||
| 005 | 20210628203546.0 | ||
| 008 | 210316b xxu||||| |||| 00| 0 eng d | ||
| 020 | _a0-8269-1528-0 | ||
| 040 | _c. | ||
| 082 | _a621.31924 STA'I | ||
| 100 |
_aStalleup, James G _966250 |
||
| 245 | _aIllutrated changes , of the 1990 nec | ||
| 260 |
_aUSA _bATP _c1989 |
||
| 300 | _a175P | ||
| 650 |
_aELECTIC ENGINEERING INSURANCE REQUIREMENTS _966251 |
||
| 942 |
_cBK _2ddc |
||
| 999 |
_c574239 _d574239 |
||